000 00822nam a2200253 a 4500
001 53028
003 BD-RjUL
005 20211209075910.0
008 161002s1981 enka b 001 0 eng
020 _a0412228505
035 _a(BD-RjUL)53148
040 _aDLC
_cDLC
_dDLC
_dBD-RjUL
_beng
041 _aeng
082 0 0 _a519.535
_223
_bGOC 1981
100 1 _aGordon, A. D.
_9158488
245 1 0 _aClassification :
_bmethods for the exploratory analysis of multivariate data /
_cA.D. Gordon.
260 _aNew York :
_bChapman and Hall,
_c1981.
300 _axii, 193 p. :
_bill. ;
_c22 cm.
490 _aMonographs on applied probability and statistics
500 _aIncludes indexes.
650 0 _aMultivariate analysis
_9119620
830 _aMonographs on applied probability and statistics
_9158491
942 _2ddc
_cBK
999 _c53028
_d53028